000 00704nas a2200241 4500
001 BR7600755
003 BR-BrBNA
005 20231205082911.0
007 ta
008 230509b bl.|||p| |||| 00| 00por d
040 _aBR-BrBNA
_bpor
_cBiblioteca Nacional de Agricultura
041 _a(Pt)
072 _aQ10; Q30
100 1 _aQuast, D.G.
100 1 _aZapata, J.M.M.
245 1 _aDifusao da umidade no doce de leite de corte
650 _aUMIDADE
650 _aDOCE DE LEITE
650 _aARMAZENAMENTO
773 0 _tColetanea do Instituto de Tecnologia de Alimentos (Brazil)
_x
_g(1975), v. 6(pt. 2) p. 311-323
_wBR7600755
909 _a202311
_bLúcia
_c55
_dLúcia Elande
942 _2AGRIS
_n0
_cANA
999 _c94965
_d94965